| 000 | 00799nam a22001937a 4500 | ||
|---|---|---|---|
| 008 | 150409b xxu||||| |||| 00| 0 eng d | ||
| 020 | _a0915138255 | ||
| 050 | _aBS476.E9413 | ||
| 245 |
_aExegesis: _bproblems of method and exercises in reading (Genesis 22 and Luke 15) _c/translated by Donald G. Miller |
||
| 260 |
_aPennsylvania _bThe Pickwick Press _c1978 |
||
| 300 |
_ax,469p. ; _c22cm. |
||
| 440 |
_aPittsburgh theological monograph series _nno. 21 _917085 |
||
| 650 |
_aBible. _xHermeneutics _xAdresses, essays, lectures _917073 |
||
| 650 |
_aBible O.T. Genesis XXII _xCriticism _917074 |
||
| 650 |
_aBible N.T. Luke XV _xCriticism, interpretations _917075 |
||
| 700 |
_aHadidian, Dikran Y. (series general editor) _917080 |
||
| 700 |
_aMiller, D.G. (tr.) _917318 |
||
| 942 |
_2lcc _cMONOGRAPH |
||
| 999 |
_c122628 _d122628 |
||